Multiple Choice City Quiz – Calgary - Statistics

General Stats
  • This quiz has been taken 49 times
  • The average score is 8 of 10
Answer Stats
Question Answer % Correct
Which province is Calgary located in? Alberta
100%
Calgary's economy is primarily based on which sector. Oil and Gas
97%
Which national park is closest to Calgary Banff National Park
95%
Which airline holds around 65.6% of the domestic market share for Calgary International Airport? Westjet
90%
During which month is the annual Calgary Stampede held? July
87%
Calgary is Canada's ________ major city? Sunniest
82%
The city's name comes from Calgary Bay. In which country is Calgary Bay? United Kingdom
79%
What two rivers flow through Calgary? Bow River and the Elbow River
77%
Calgary is located in which biome? Grassland
67%
What is the Blackfoot name for Calgary? Moh'kinstsis
51%
No matching quizzes found
Score Distribution
Percent of People with Each Score
Percentile by Number Answered
Your Score History
You have not taken this quiz